| 000 | 00820nam a2200229 i 4500 | ||
|---|---|---|---|
| 001 | 46633 | ||
| 003 | ES-MaACL | ||
| 005 | 20230906161424.0 | ||
| 007 | t| | ||
| 008 | 030331s1937 fr |||| | fre d | ||
| 080 | _a001:1 | ||
| 111 | 2 |
_aCongrès Mondial de Philosophie ( _n9. _d1937. _cParis) _9158973 |
|
| 245 | 1 | 0 |
_aTravaux du IX Congrès Mondial de Philosophie _b: L'unité de la science : La méthode et les méthodes / _cpubliés par Raymond Bayer. |
| 260 |
_aParis : _bHermann et Cie., _c1937 ( _fA. Taffin-Lefort) |
||
| 300 |
_a222 p. ; _c25 cm. |
||
| 650 | 4 |
_aFilosofía- _yS.XX- _vCongresos y asambleas. _9148446 |
|
| 650 |
_aCiencia- _xFilosofía. _910950 |
||
| 700 | 1 |
_aBayer, Raymond. _926657 |
|
| 740 | 2 | 2 | _aL'unité de la science. |
| 740 | 3 | 2 | _aLa méthode et les méthodes. |
| 852 |
_aES-MaACL _jB-13060 |
||
| 999 |
_c46633 _d46633 |
||